|
|
|
|
| LEADER |
01302nam a22002777a 4500 |
| 001 |
38458 |
| 003 |
BD-DhAAL |
| 005 |
20260128114113.0 |
| 008 |
220427r19781940ii a|||| |||| 001 0 ben d |
| 020 |
|
|
|a 8170669669
|
| 040 |
|
|
|a BD-DhAAL
|c BD-DhAAL
|
| 041 |
|
|
|a ben
|
| 082 |
|
|
|a 891.4409
|
| 100 |
|
|
|a সেন, সুকুমার,
|9 47209
|
| 245 |
|
|
|a বাঙ্গালা সাহিত্যের ইতিহাস :
|n প্রথম খণ্ড,
|b ষোড়শ শতাব্দী /
|c সুকুমার সেন.
|
| 260 |
|
|
|a কলকাতা :
|b আনন্দ পাবলিশার্স,
|c ১৯৪০ [ষষ্ঠ সংস্করণ ১৯৭৮].
|
| 300 |
|
|
|a ৪৮১ পৃষ্ঠা :
|b চিএ ;
|c ২২ সে. মি.
|
| 362 |
|
|
|a Vol. 1
|
| 500 |
|
|
|a নির্ঘণ্ট অন্তর্ভুক্ত।
|
| 541 |
|
|
|a Donated By Akbar Ali Khan
|e 38458
|
| 650 |
|
|
|a Bengali literature
|x History and criticism.
|9 47210
|
| 650 |
|
|
|a Bengali literature.
|9 47211
|
| 852 |
|
|
|a Ayesha Abed Library
|c Akbar Ali Khan Collection
|
| 942 |
|
|
|2 ddc
|c BK
|
| 999 |
|
|
|c 44149
|d 44149
|
| 952 |
|
|
|0 0
|1 0
|2 ddc
|4 0
|6 891_440900000000000_SEN
|7 1
|9 70572
|a BRACUL
|b BRACUL
|c AAKC
|d 2022-04-27
|e Donated by Akbar Ali Khan
|l 0
|o 891.4409 SEN
|p 3010038458
|r 2022-04-27
|t 1
|w 2022-04-27
|y BK
|